000 00733nam a22002657i 4500
003 DO-SdBNP
005 20250519134530.0
007 ta
008 250519b2019 |||||||| |||| 00| 0 spa d
020 _a9788491221364
040 _aDO-SdBNP
_bspa
_cBNPHU
_erda
041 _hspa
082 _axxx
_bD131m
_222
110 _978468
245 0 _aMatilda /
_cRoald Dahl ; ilustraciones de Quetin Blake
250 _asegunda edición
264 _aSanto Domingo :
_bSantillana,
_c2019
300 _a287 páginas :
_bilustraciones ;
_c21 cm
336 _ardacontent
_btexto
_2txt
337 _ardamedia
_bsin mediación
_2n
338 _ardacarrier
_bvolumen
_2nc
590 _aInventariado, 2025/DG
910 _aDG
942 _2ddc
_cLBS1
999 _c59050
_d59050